Sci-Fi and Fantasy Movies by Emojis (Part 1) - Statistics

General Stats
  • This quiz has been taken 174 times
  • The average score is 12 of 20
Answer Stats
Picture Answer % Correct
The Lord of the Rings
91%
Jurassic Park
88%
The Wizard of Oz
88%
Harry Potter
83%
King Kong
82%
Planet of the Apes
81%
E.T.
80%
Godzilla
80%
Charlie and the Chocolate Factory
79%
Groundhog Day
68%
Edward Scissorhands
63%
Interstellar
49%
Her
42%
The Golden Compass
41%
Dune
38%
District 9
29%
Close Encounters of the Third Kind
24%
2001: A Spacey Odissey
21%
Avatar
21%
Arrival
14%
No matching quizzes found
Score Distribution
Percent of People with Each Score
Percentile by Number Answered
Your Score History
You have not taken this quiz